000 00523nam a22001937a 4500
003 MPLRDC
005 20220104143413.0
008 210129b ||||| |||| 00| 0 eng d
020 _a957-13-2697-6
082 _a861.57 CSCS-16
100 _a村上春树、和田诚著
245 _a爵士群像
_c赖明珠译
250 _a初版一刷
260 _a
_b时报文化出版企业股份有限公司
_c1998
300 _b
490 _a篮小说. 916
650 _a日本现代小说
942 _cBK
_o861.57 CSCS-16
999 _c39553
_d39543